Counter-Strike - Top 20 HLTV 2025 - Statistics

General Stats
  • This quiz has been taken 24 times
  • The average score is 17 of 20
Answer Stats
Top # Country Player % Correct
2 FR.gif donk
100%
7 IL.gif flameZ
100%
3 FR.gif ropz
100%
1 FR.gif ZywOo
100%
6 GB.gif molodoy
95%
4 FR.gif m0NESY
90%
13 IL.gif Senzu
86%
5 FR.gif sh1ro
86%
20 EE.gif b1t
81%
8 FR.gif frozen
81%
12 GB.gif mezii
81%
14 IL.gif XANTARES
81%
9 BE.gif KSCERATO
76%
18 EE.gif NiKo
76%
10 IL.gif Spinx
76%
19 EE.gif iM
71%
11 DK.gif Twistzzz
71%
15 GB.gif YEKINDAR
71%
16 IL.gif xertioN
67%
17 EE.gif torzsi
62%
No matching quizzes found
Score Distribution
Percent of People with Each Score
Percentile by Number Answered
Your Score History
You have not taken this quiz